Music Quiz

Random Music or Bands Quiz

Chris Cornell's Albums Quiz Stats

 Plays Quiz Updated May 18, 2017

Support Sporcle.
Go Orange.
Score 0/14 Timer 05:00
0 Plays Today
Band Album % Correct
AudioslaveAudioslave
81%
Temple Of The DogTemple Of The Dog
80.4%
SoundgardenSuperunknown
77.5%
SoundgardenBadmotorfinger
72.5%
SoundgardenDown On The Upside
54.1%
SoundgardenLouder Than Love
46.5%
Chris CornellScream
45.1%
Band Album % Correct
Chris CornellEuphoria Morning
44.8%
SoundgardenKing Animal
44.1%
SoundgardenUltramega OK
42.7%
AudioslaveOut Of Exile
41.7%
AudioslaveRevelations
41.6%
Chris CornellCarry On
32.2%
Chris CornellHigher Truth
31.4%
Remove Ads.
Support Sporcle.
Get the best of Sporcle when you Go Orange. This ad-free experience offers more features, more stats, and more fun while also helping to support Sporcle. Thank you for becoming a member.

Show Comments

Extras

Top Quizzes Today


Score Distribution

Your Account Isn't Verified!

In order to create a playlist on Sporcle, you need to verify the email address you used during registration. Go to your Sporcle Settings to finish the process.

Report this User

Report this user for behavior that violates our Community Guidelines.

Details: